Cell and tissue ultrastructure : a functional perspective /
Guardado en:
| Autor Principal: | |
|---|---|
| Otros Autores: | |
| Formato: | Libro |
| Idioma: | English |
| Publicado: |
New York :
W.H. Freeman,
c1993.
|
| Materias: | |
| Etiquetas: |
Agregar Etiqueta
Sin Etiquetas, Sea el primero en etiquetar este registro!
|
| LEADER | 00835pam a22002415a 4500 | ||
|---|---|---|---|
| 001 | EIQ.libpla004000 | ||
| 008 | 930323s1993####nyua#####b####001#0#eng#d | ||
| 005 | 20080424174848.0 | ||
| 245 | 1 | 0 | |a Cell and tissue ultrastructure : |b a functional perspective / |c Patricia C. Cross, K. Lynne Mercer. |
| 260 | |a New York : |b W.H. Freeman, |c c1993. | ||
| 300 | |a xii, 420 p. : |b il. ; |c 28 cm. | ||
| 504 | |a Incluye referencias bibliográficas (p. 401-412) e índice. | ||
| 020 | |a 0716770334 | ||
| 100 | 1 | |a Cross, Patricia C. | |
| 700 | 1 | |a Mercer, K. Lynne. | |
| 082 | 0 | 0 | |a 611/.0189 |2 20 |
| 650 | 4 | |a Histología |x Celula. | |
| 650 | 4 | |a Histology |x Estructura celular. | |
| 650 | 4 | |a Histology |x Cell. | |
| 650 | 4 | |a Histology |x Cell structure. | |
| 010 | |a 93010479 | ||
| 040 | |a DLC |c DLC |d AR-BbSID | ||
| 859 | |a AR-BbSID |b BIB. PLAPIQUI |h 611.018 9 |i C 87 |p 5510 | ||
